[Event "Detroit (MOR/3/74)"]
[Site "?"]
[Date "1992.??.??"]
[Round "?"]
[White "Sattler, Peter"]
[Black "Gregg, Ted"]
[Result "1-0"]
[WhiteElo "1725"]
[BlackElo "1605"]
[PlyCount "85"]
[EventDate "1992.??.??"]

{3/(74)} 1. e4 e5 2. Nf3 Nc6 3. d4 exd4 4. Nxd4 Bc5 5. Nb3 Bb6 6. Bd3 d6 7. Nc3
Nf6 8. Bg5 Be6 9. O-O Ne5 10. Nd5 Bxd5 11. exd5 O-O 12. h3 c6 13. dxc6 bxc6 14.
Kh1 d5 15. c3 Nxd3 16. Qxd3 Qd6 17. Rae1 Rfe8 18. Be3 Bc7 19. g3 Ne4 20. Nd2
Qg6 21. Nxe4 Qxe4+ 22. Qxe4 Rxe4 23. Bd4 Rae8 24. Rxe4 Rxe4 25. Bxa7 Re2 26.
Rb1 Be5 27. Kg2 f5 28. Be3 Kf7 29. Kf1 Rc2 30. Ke1 Bxg3 31. fxg3 Rh2 32. Bg1
Rxh3 33. Kf2 Rh6 34. b4 Re6 35. a4 Re4 36. Kf3 Ke7 37. a5 Kd7 38. a6 Kc7 39.
Bd4 g6 40. b5 c5 41. Bxc5 Rc4 42. Bd4 Kb8 43. b6 1-0

[Event "Detroit (MOR/5/74)"]
[Site "?"]
[Date "1992.??.??"]
[Round "?"]
[White "Sattler, Peter"]
[Black "Golingai, P."]
[Result "1-0"]
[WhiteElo "1725"]
[BlackElo "1605"]
[PlyCount "137"]
[EventDate "1992.??.??"]

{5/(74)} 1. e4 e6 2. d4 d5 3. e5 c5 4. c3 Nc6 5. Nf3 Qb6 6. a3 cxd4 7. cxd4
Nge7 8. b4 Nf5 9. Bb2 Be7 10. Be2 Bd7 11. O-O Rc8 12. g4 Nh4 13. Qd3 Nxf3+ 14.
Bxf3 Bh4 15. Nd2 O-O 16. Nb3 Ne7 17. Be2 Ng6 18. Nc5 Bc6 19. f4 Be7 20. Bc1 a6
21. Qh3 Bb5 22. Bxb5 Qxb5 23. Be3 b6 24. a4 Qe8 25. Nxa6 Rc4 26. Rfc1 Qa8 27.
Rxc4 dxc4 28. b5 Rc8 29. Qg2 Qxg2+ 30. Kxg2 Bf8 31. Kf3 Ne7 32. Rc1 Nd5 33. Ke4
Ba3 34. Rc2 g6 35. h4 Kf8 36. h5 Ke7 37. f5 gxh5 38. gxh5 c3 39. f6+ Kd7 40.
Bc1 Bxc1 41. Rxc1 c2 42. Kd3 Nf4+ 43. Kd2 Nxh5 44. Rxc2 Rxc2+ 45. Kxc2 Kc8 46.
Nb4 Ng3 47. Kd3 h5 48. Nc2 h4 49. Ne1 Nf5 50. Nf3 h3 51. d5 exd5 52. e6 Nd6 53.
e7 Kd7 54. Kd4 Ne4 55. Kxd5 Nxf6+ 56. Ke5 Ng4+ 57. Kd5 Nf6+ 58. Kc4 Kxe7 59.
Nh2 Nd7 60. Kb4 Kd6 61. a5 bxa5+ 62. Kxa5 Kc7 63. Ka6 Kb8 64. Nf3 f5 65. Ka5
Nf6 66. Ka6 Ng4 67. Nd4 h2 68. Nc6+ Ka8 69. b6 1-0

[Event "Detroit (MOR/1b/38)"]
[Site "?"]
[Date "1992.??.??"]
[Round "?"]
[White "Sattler, Peter"]
[Black "Burke, David"]
[Result "0-1"]
[WhiteElo "1725"]
[BlackElo "1605"]
[PlyCount "50"]
[EventDate "1992.??.??"]

1. e4 e6 2. d4 d5 3. e5 c5 4. c3 Nc6 5. Nf3 Qb6 6. Be2 cxd4 7. cxd4 Bb4+ 8. Nc3
Nge7 9. a3 Bxc3+ 10. bxc3 Bd7 11. O-O O-O 12. Qc2 Rac8 13. Bd3 Ng6 14. Bd2 Nce7
15. h4 h5 16. g3 f5 17. exf6 Rxf6 18. Bg5 Rxf3 19. Bxg6 Rcxc3 20. Qxc3 Rxc3 21.
Bxe7 Qxd4 22. Bxh5 Bb5 23. Rfd1 Rxg3+ 24. Kh1 Qxf2 25. Rg1 Rh3# 0-1

[Event "Ann Arbor (Holiday Op)"]
[Site "?"]
[Date "1992.??.??"]
[Round "?"]
[White "Santiago, Reynaldo"]
[Black "Lewis, C."]
[Result "1-0"]
[WhiteElo "2045"]
[BlackElo "1605"]
[PlyCount "62"]
[EventDate "1992.??.??"]

1. e4 e6 2. d4 d5 3. Nd2 c5 4. exd5 cxd4 5. Ngf3 Nf6 6. dxe6 Bxe6 7. Bb5+ Bd7
8. Qe2+ Be7 9. Nxd4 O-O 10. O-O Bc5 11. N2f3 Qb6 12. Bxd7 Nbxd7 13. Nb3 Rfe8
14. Qc4 Rac8 15. Qh4 Be7 16. c3 a6 17. Be3 Qb5 18. Nfd4 Qd5 19. Rad1 Ne5 20.
Qg3 Ne4 21. Qh3 Nc4 22. Nf3 Qb5 23. Nfd4 Qd5 24. Nf5 Qe6 25. Nbd4 Qf6 26. Nxe7+
Qxe7 27. Nf5 Qe6 28. Bd4 f6 29. Qg4 Qf7 30. Nh6+ Kf8 31. Nxf7 Kxf7 1-0

[Event "Detroit (Pan Am/2)"]
[Site "?"]
[Date "1992.??.??"]
[Round "?"]
[White "Sansone, W."]
[Black "Hayes, P."]
[Result "0-1"]
[WhiteElo "1605"]
[BlackElo "1605"]
[PlyCount "70"]
[EventDate "1992.??.??"]

1. d4 d5 2. c4 c6 3. Nc3 Nf6 4. Nf3 dxc4 5. e3 b5 6. b3 Qa5 7. Bd2 b4 8. Na4 c3
9. Bc1 Nbd7 10. Bd3 e5 11. dxe5 Nxe5 12. Nxe5 Qxe5 13. Bc2 Ba6 14. Qd4 Qh5 15.
Qd1 Qg5 16. Qf3 Bb5 17. e4 Qe5 18. Bf4 Qe6 19. O-O-O Be7 20. Be3 Bxa4 21. Rd3
Bb5 22. Rd4 O-O 23. h4 c5 24. Rdd1 a5 25. h5 a4 26. h6 g6 27. Bg5 axb3 28. Bxb3
c4 29. Bc2 Rxa2 30. Bxf6 Bxf6 31. Rd5 Ra1+ 32. Bb1 Qa6 33. Kc2 Qa4+ 34. Kc1
Qa3+ 35. Kc2 Qb2+ 0-1

[Event "Detroit (Pan Am/5)"]
[Site "?"]
[Date "1992.??.??"]
[Round "?"]
[White "Sansone, W."]
[Black "Brewer, M."]
[Result "1/2-1/2"]
[WhiteElo "1605"]
[BlackElo "1605"]
[PlyCount "64"]
[EventDate "1992.??.??"]

1. d4 Nf6 2. c4 d6 3. Nc3 c6 4. Nf3 Nbd7 5. Bg5 e5 6. dxe5 dxe5 7. e4 Be7 8.
Be2 O-O 9. O-O Re8 10. a3 Qc7 11. Qc2 b6 12. Rfe1 Bb7 13. Rad1 Rad8 14. h3 h6
15. Be3 Bc5 16. Bxc5 Nxc5 17. b4 Ne6 18. Rxd8 Rxd8 19. Rd1 Rxd1+ 20. Qxd1 a6
21. a4 Nf4 22. Bf1 Qe7 23. Qb1 Qd6 24. b5 axb5 25. axb5 cxb5 26. cxb5 Ne6 27.
Qd3 Qxd3 28. Bxd3 Nc5 29. Nxe5 Bxe4 30. Nxe4 Ncxe4 31. Bxe4 Nxe4 32. Nc4 Nc3
1/2-1/2

[Event "East Lansing (MI Am/3)"]
[Site "?"]
[Date "1992.??.??"]
[Round "?"]
[White "Sanborn, Neil"]
[Black "Woods, I."]
[Result "1-0"]
[WhiteElo "1605"]
[BlackElo "1605"]
[PlyCount "47"]
[EventDate "1992.??.??"]

1. e4 e5 2. Nf3 Nc6 3. Bb5 Nge7 4. Bxc6 Nxc6 5. d4 f6 6. d5 Nb8 7. Nc3 d6 8.
O-O Bg4 9. h3 Bxf3 10. Qxf3 Nd7 11. Qg4 Qe7 12. Nb5 c6 13. Nc7+ Kd8 14. Nxa8
cxd5 15. exd5 Kc8 16. Qa4 Kb8 17. Be3 b6 18. Qc6 Nc5 19. Bxc5 bxc5 20. b4 cxb4
21. Rab1 Qb7 22. Qe8+ Qc8 23. Rxb4+ Kxa8 24. Qxc8# 1-0

[Event "East Lansing (MI Am/1)"]
[Site "?"]
[Date "1992.??.??"]
[Round "?"]
[White "Sanborn, Neil"]
[Black "Sundeen, David"]
[Result "1-0"]
[WhiteElo "1605"]
[BlackElo "1690"]
[PlyCount "130"]
[EventDate "1992.??.??"]

1. e4 e5 2. Nf3 Nf6 3. Nxe5 d6 4. Nf3 Nxe4 5. Qe2 Qe7 6. d3 Nf6 7. Nd4 Bd7 8.
Bg5 Nc6 9. Bxf6 Qxe2+ 10. Bxe2 gxf6 11. Nf3 O-O-O 12. O-O Bh6 13. Nc3 Rhg8 14.
Rfe1 Bh3 15. g3 f5 16. a3 f4 17. d4 fxg3 18. hxg3 Bg7 19. Rad1 h6 20. Bc4 Rgf8
21. Re4 Bf5 22. Rf4 Bxc2 23. Re1 Bg6 24. Bd5 Rde8 25. Rxe8+ Rxe8 26. Nb5 Re7
27. Bxc6 bxc6 28. Nxa7+ Kb7 29. d5 Kxa7 30. dxc6 Re4 31. Rxe4 Bxe4 32. Nd2 Bxc6
33. b4 Bc3 34. Nc4 Bb5 35. Na5 Bb2 36. f4 Bxa3 37. Kf2 Bxb4 38. Nb3 c5 39. Ke3
d5 40. g4 f6 41. f5 Kb6 42. Nc1 c4 43. Kd4 Kc6 44. Na2 Bc5+ 45. Kc3 d4+ 46. Kd2
Kd5 47. Kc2 Ba3 48. Kd2 c3+ 49. Nxc3+ dxc3+ 50. Kxc3 Be2 51. Kd2 Bxg4 52. Ke3
Bc1+ 53. Kf2 Bxf5 54. Kf3 h5 55. Kg3 Bg5 56. Kg2 h4 57. Kh2 Bf4+ 58. Kg2 h3+
59. Kf3 Be5 60. Kf2 h2 61. Kg2 Be4+ 62. Kh3 h1=Q+ 63. Kg4 Qf3+ 64. Kh4 Qg3+ 65.
Kh5 Qg5# 1-0

[Event "East Lansing (MI Am/5)"]
[Site "?"]
[Date "1992.??.??"]
[Round "?"]
[White "Sanborn, Neil"]
[Black "Rodriguez, Juan"]
[Result "0-1"]
[WhiteElo "1605"]
[BlackElo "1605"]
[PlyCount "122"]
[EventDate "1992.??.??"]

1. e4 e6 2. Nf3 d5 3. exd5 exd5 4. d4 Bd6 5. Nc3 c6 6. Bd3 Bg4 7. h3 Bh5 8. O-O
Nf6 9. Re1+ Be7 10. Bg5 Nbd7 11. g4 Bg6 12. Ne5 O-O 13. Qe2 Bb4 14. Bxf6 gxf6
15. Nxd7 Qxd7 16. Qd2 Rae8 17. a3 Ba5 18. b4 Bc7 19. Rxe8 Rxe8 20. Re1 Rxe1+
21. Qxe1 Qd6 22. Kf1 Bxd3+ 23. cxd3 Qf4 24. Qe3 Qxe3 25. fxe3 Kg7 26. e4 dxe4
27. dxe4 Bb6 28. d5 cxd5 29. exd5 Kf8 30. d6 Ke8 31. Ne4 Bd4 32. h4 Kd7 33. a4
Ke6 34. a5 b6 35. a6 Be5 36. g5 f5 37. Nd2 Bc3 38. Nf3 Bxb4 39. Nd4+ Kxd6 40.
Nxf5+ Ke5 41. Ng3 Kf4 42. Kg2 Kg4 43. Ne4 Kxh4 44. Kf3 Be7 45. Kf4 b5 46. Nd2
Bxg5+ 47. Ke4 Bxd2 48. Kd3 Ba5 49. Kc2 f5 50. Kd3 Kg3 51. Kd4 f4 52. Kc5 Bb6+
53. Kxb5 f3 54. Kc4 f2 55. Kc3 f1=Q 56. Kb4 Kf3 57. Kb3 Ke3 58. Kb4 Kd4 59. Ka3
Kc3 60. Ka2 Qd1 61. Ka3 Qb3# 0-1

[Event "Detroit (Pan Am/6)"]
[Site "?"]
[Date "1992.??.??"]
[Round "?"]
[White "Sajkowski, D."]
[Black "Smith, Mike A"]
[Result "0-1"]
[WhiteElo "1900"]
[BlackElo "1860"]
[PlyCount "64"]
[EventDate "1992.??.??"]

1. e4 c5 2. Nc3 d6 3. g3 Nc6 4. Bg2 e6 5. d3 g6 6. Be3 Bg7 7. Qd2 Nd4 8. Nd1 h5
9. c3 Nc6 10. Nf3 Nge7 11. d4 cxd4 12. cxd4 d5 13. e5 b6 14. Bf1 Bb7 15. Nc3
Nf5 16. Bf4 Rc8 17. Be2 Qe7 18. Rc1 Qb4 19. a3 Qe7 20. b4 Bh6 21. Bxh6 Nxh6 22.
O-O Nf5 23. h4 O-O 24. Rc2 f6 25. Rfc1 fxe5 26. Nxe5 Nxe5 27. dxe5 Nxh4 28.
gxh4 Qxh4 29. Bd3 Rf4 30. f3 Rxf3 31. Qh2 Rh3 32. Qg2 Rg3 0-1

[Event "Detroit (Pan Am/3)"]
[Site "?"]
[Date "1992.??.??"]
[Round "?"]
[White "Sajkowski, D."]
[Black "Davy, Erez"]
[Result "1/2-1/2"]
[WhiteElo "1900"]
[BlackElo "1740"]
[PlyCount "110"]
[EventDate "1992.??.??"]

1. e4 e6 2. d4 d5 3. Nd2 dxe4 4. Nxe4 Nc6 5. Nf3 Be7 6. Bb5 Bd7 7. O-O Nf6 8.
Nc3 O-O 9. Re1 Nb4 10. Bxd7 Qxd7 11. Ne5 Qd8 12. Na4 Nbd5 13. c4 Nb6 14. Nxb6
cxb6 15. Be3 Rc8 16. Qe2 Qc7 17. Rac1 Rfd8 18. f3 Nd7 19. Bf2 Nxe5 20. dxe5 Bc5
21. b3 Bxf2+ 22. Kxf2 Rd7 23. Red1 Rcd8 24. Rxd7 Qxd7 25. Ke1 Qd4 26. Kf1 g6
27. Re1 Kf8 28. Qe3 Qxe3 29. Rxe3 Rd2 30. Re2 Rxe2 31. Kxe2 Ke7 32. Ke3 h6 33.
Ke4 Kd7 34. f4 Ke7 35. g4 h5 36. h3 hxg4 37. hxg4 Kf8 38. Kd4 Ke7 39. c5 bxc5+
40. Kxc5 Kd7 41. b4 Kc7 42. a3 Kd7 43. a4 Kc7 44. Kb5 Kd7 45. Kc5 Kc7 46. Kb5
Kd7 47. Kc4 Kc7 48. Kd4 Kd7 49. Ke4 Ke7 50. Kd4 Kd7 51. Kc4 Kc7 52. Kc5 Kd7 53.
a5 Kc7 54. b5 Kd7 55. g5 Kc7 1/2-1/2

[Event "Detroit (Pan Am/1)"]
[Site "?"]
[Date "1992.??.??"]
[Round "?"]
[White "Sajkowski, D."]
[Black "Bonasera, J."]
[Result "1-0"]
[WhiteElo "1900"]
[BlackElo "1605"]
[PlyCount "71"]
[EventDate "1992.??.??"]

1. e4 Nf6 2. e5 Nd5 3. d4 d6 4. Nf3 Nc6 5. Bc4 Nb6 6. Be2 e6 7. O-O Be7 8. c4
O-O 9. Nc3 Nd7 10. Bf4 f6 11. exd6 cxd6 12. d5 Nce5 13. dxe6 Nxf3+ 14. Bxf3 Ne5
15. Bd5 a6 16. Be3 Kh8 17. f4 Ng6 18. f5 Ne5 19. Rf4 Qe8 20. Rh4 Rb8 21. Bf3 g6
22. g4 g5 23. Rh5 Rg8 24. Bd5 b6 25. Bd4 Nc6 26. Ne4 Ne5 27. Rc1 Bb7 28. Rc3
Bxd5 29. cxd5 Qb5 30. Rch3 Rg7 31. Bc3 Rc8 32. Rh6 Rc4 33. Nxf6 Bxf6 34. Rxf6
Rxg4+ 35. Qxg4 Nxg4 36. Rf8# 1-0

[Event "Flint (Class DE/3)"]
[Site "?"]
[Date "1992.??.??"]
[Round "?"]
[White "Sabo, B."]
[Black "Vangilder, W."]
[Result "1/2-1/2"]
[WhiteElo "1605"]
[BlackElo "1605"]
[PlyCount "110"]
[EventDate "1992.??.??"]

1. e4 Nc6 2. d4 e5 3. d5 Nce7 4. Bg5 Nf6 5. Nf3 Ng6 6. Nh4 Bc5 7. Qf3 d6 8.
Nxg6 fxg6 9. Be2 O-O 10. Nd2 Bg4 11. Qd3 Bxf2+ 12. Kd1 Qd7 13. Rf1 Bxe2+ 14.
Qxe2 Bd4 15. Rb1 Ng4 16. Nf3 Rf7 17. h3 Nf2+ 18. Rxf2 Bxf2 19. Qxf2 Qa4 20. Ra1
Qxe4 21. Qd2 Raf8 22. Qd3 Qa4 23. Qb3 Qe8 24. Qxb7 e4 25. Ne1 Rf1 26. Qxa7 Qb5
27. Bd2 Qxd5 28. Qxc7 e3 29. Qc3 Re8 30. Qb3 e2+ 31. Kc1 Rxe1+ 32. Bxe1 Re5 33.
a4 Kf8 34. Qxd5 Rxd5 35. Bd2 Re5 36. Ra3 e1=Q+ 37. Bxe1 Rxe1+ 38. Kd2 Rb1 39.
Kc3 Rg1 40. g4 h5 41. gxh5 gxh5 42. a5 Re1 43. a6 Re8 44. a7 Ra8 45. b4 Ke7 46.
b5 Kd7 47. b6 Kc6 48. Rb3 Kb7 49. Kd4 g6 50. Kd5 Rd8 51. c4 g5 52. c5 dxc5+ 53.
Kxc5 g4 54. hxg4 hxg4 55. Rg3 Rc8+ 1/2-1/2

[Event "Flint (Class DE/1)"]
[Site "?"]
[Date "1992.??.??"]
[Round "?"]
[White "Sabo, B."]
[Black "McElhiney, K."]
[Result "1-0"]
[WhiteElo "1605"]
[BlackElo "1605"]
[PlyCount "91"]
[EventDate "1992.??.??"]

1. e4 e5 2. Bc4 Nf6 3. Nc3 Bc5 4. Nge2 d6 5. d3 Nc6 6. Bg5 h6 7. Bxf6 Qxf6 8.
O-O Qg5 9. Nd5 Bh3 10. Ng3 Bg4 11. Qc1 O-O-O 12. Qxg5 hxg5 13. c3 a6 14. Kh1 b5
15. Bb3 g6 16. f3 Bd7 17. Ne2 b4 18. Ba4 bxc3 19. bxc3 Rde8 20. Nf6 Re6 21. Ng4
f5 22. d4 exd4 23. Bxc6 d3 24. Bxd7+ Kxd7 25. Nd4 Bxd4 26. Nf2 Bxc3 27. Rac1
Bd4 28. Nxd3 Bb6 29. Rfe1 fxe4 30. Rxe4 Rxe4 31. fxe4 c5 32. e5 Ke6 33. exd6
Kxd6 34. g3 Kd5 35. Nb2 Rc8 36. Rd1+ Ke6 37. Nc4 Rc6 38. a4 Bc7 39. Kg2 Kf5 40.
Rd5+ Kg4 41. h3+ Kh5 42. g4+ Kh4 43. Nd2 Rf6 44. Nf3+ Rxf3 45. Kxf3 Kxh3 46.
Rxg5 1-0

[Event "Jackson (Prison m)"]
[Site "?"]
[Date "1992.??.??"]
[Round "?"]
[White "S, Brazzell"]
[Black "Pavlovich, J."]
[Result "1-0"]
[WhiteElo "1605"]
[BlackElo "1680"]
[PlyCount "44"]
[EventDate "1992.??.??"]

1. e4 c5 2. Nc3 a6 3. Nf3 Nc6 4. a3 e6 5. d4 cxd4 6. Nxd4 Qc7 7. g3 g6 8. Bg2
Bg7 9. Nf3 Ne5 10. O-O Nxf3+ 11. Qxf3 Ne7 12. Bf4 Qb6 13. Na4 Qc6 14. Qb3 Ra7
15. Rad1 b5 16. Qe3 bxa4 17. Qxa7 Bxb2 18. Bd6 Qxc2 19. Bxe7 Kxe7 20. Qe3 Bb7
21. Rd2 Qc3 22. Qg5+ f6 1-0

[Event "Ann Arbor (HVA/1/6)"]
[Site "?"]
[Date "1992.??.??"]
[Round "?"]
[White "Rysztak, R."]
[Black "Welch, Joseph"]
[Result "1-0"]
[WhiteElo "1885"]
[BlackElo "1605"]
[PlyCount "104"]
[EventDate "1992.??.??"]

{1/(6)} 1. d4 e6 2. Nf3 Nf6 3. g3 d5 4. Bg2 c5 5. O-O Nc6 6. Nc3 Be7 7. e3 O-O
8. Ne2 Ne4 9. Ne1 f5 10. dxc5 Bxc5 11. Nd3 Bd6 12. b3 b5 13. Bb2 Qe8 14. f3 Nf6
15. c4 bxc4 16. bxc4 dxc4 17. Nf2 Bc5 18. Nd4 Nxd4 19. Bxd4 Bxd4 20. Qxd4 a5
21. Rfd1 Qa4 22. f4 Rb8 23. Nd3 Qc2 24. Ne1 Qa4 25. Qe5 Rb5 26. Qc3 Qb4 27.
Rac1 Qc5 28. Rd4 Nd5 29. Qxc4 Qxc4 30. Rdxc4 Bb7 31. Rc5 Rxc5 32. Rxc5 a4 33.
Nd3 Rd8 34. Ne5 Bc8 35. Nc6 Rd6 36. Bxd5 Bd7 37. Bf3 Kf7 38. Ne5+ Ke7 39. Rc7
Kd8 40. Rxd7+ Rxd7 41. Nxd7 Kxd7 42. a3 Kd6 43. Be2 e5 44. Kf2 Kd5 45. Kf3 h6
46. fxe5 Kxe5 47. Bb5 Kd5 48. Bxa4 Kc4 49. Bd7 g6 50. h4 Kd5 51. Kf4 Kd6 52.
Bxf5 gxf5 1-0

[Event "Ann Arbor (HVA/5/7)"]
[Site "?"]
[Date "1992.??.??"]
[Round "?"]
[White "Rysztak, R."]
[Black "Turner, P."]
[Result "0-1"]
[WhiteElo "1885"]
[BlackElo "1800"]
[PlyCount "98"]
[EventDate "1992.??.??"]

{5/(7)} 1. c4 Nf6 2. Nf3 g6 3. b3 Bg7 4. Bb2 d6 5. g3 Nbd7 6. Bg2 O-O 7. O-O c5
8. d3 e5 9. Nbd2 Ne8 10. h4 f5 11. Ng5 Ndf6 12. f4 Ng4 13. Bd5+ Kh8 14. Rf3 Qe7
15. e4 h6 16. Kg2 hxg5 17. hxg5 Be6 18. Qh1+ Kg8 19. exf5 Bxd5 20. fxg6 Bxf3+
21. Nxf3 Bh8 22. Qh4 Ne3+ 23. Kf2 Nf5 24. Qh5 Nd4 25. Rh1 Qg7 26. Bxd4 cxd4 27.
Ke2 Nc7 28. Qg4 Qxg6 29. Rh6 Qf5 30. Qh5 Bg7 31. Rg6 e4 32. Nh4 exd3+ 33. Kd2
Qe4 34. f5 Rxf5 35. Rxg7+ Kxg7 36. Qg6+ Kf8 37. Qxf5+ Qxf5 38. Nxf5 Ne6 39.
Nxd6 Nxg5 40. Nxb7 Ne4+ 41. Kxd3 Nxg3 42. Kxd4 Ne2+ 43. Kc5 Nc1 44. Kd6 Nxa2
45. c5 Nb4 46. c6 Rc8 47. Na5 Ke8 48. Kc5 Nxc6 49. Nb7 Na5+ 0-1

[Event "Ann Arbor (HVA/3/8)"]
[Site "?"]
[Date "1992.??.??"]
[Round "?"]
[White "Rysztak, R."]
[Black "McGrath, Michael"]
[Result "0-1"]
[WhiteElo "1885"]
[BlackElo "1620"]
[PlyCount "100"]
[EventDate "1992.??.??"]

{3/(8)} 1. e4 d6 2. g3 c5 3. Nc3 Nc6 4. Bg2 g6 5. Nge2 Bg7 6. d3 Bg4 7. f3 Bd7
8. Be3 Nd4 9. Qd2 b5 10. Nd1 Nc6 11. h4 h5 12. c3 a5 13. Nf2 b4 14. d4 c4 15.
f4 b3 16. a3 Na7 17. O-O Qc7 18. e5 O-O-O 19. Kh2 Nh6 20. Ng1 dxe5 21. fxe5 f6
22. e6 Bxe6 23. Bf4 Qd7 24. Rae1 Ng4+ 25. Kh1 g5 26. Ne4 Bd5 27. Nc5 Qc6 28.
Rxe7 gxf4 29. Rxg7 Ne3 30. Rf2 Nxg2 31. Rxg2 Rhg8 32. Rxg8 Rxg8 33. Qxf4 Bxg2+
34. Kh2 Re8 35. Qf5+ Kb8 36. Qxh5 Bh1 37. d5 Bxd5 38. Na6+ Kc8 39. Ne2 Re5 40.
Qh8+ Qe8 41. Qxe8+ Rxe8 42. Nf4 Be4 43. Nc5 f5 44. h5 Nc6 45. Kh3 Ne5 46. Nce6
Nd3 47. Ng7 Rh8 48. Ng6 Rh6 49. Kh4 Nxb2 50. Kg5 Rxh5+ 0-1

[Event "Detroit (Pan Am/4)"]
[Site "?"]
[Date "1992.??.??"]
[Round "?"]
[White "Ryan, Bob"]
[Black "Conlon, Russell"]
[Result "0-1"]
[WhiteElo "1605"]
[BlackElo "1805"]
[PlyCount "78"]
[EventDate "1992.??.??"]

1. d4 Nf6 2. c4 d6 3. Nc3 c6 4. Bg5 Nbd7 5. e4 Qa5 6. Bd2 Qc7 7. f4 e5 8. Nf3
g6 9. f5 Bg7 10. Bd3 exd4 11. Ne2 Ne5 12. Nxe5 dxe5 13. O-O gxf5 14. exf5 e4
15. Nxd4 O-O 16. Bc2 Rd8 17. Bc3 b5 18. Qe1 b4 19. Bxb4 Rxd4 20. Bc3 Rd8 21.
Ba5 Qe7 22. Bxd8 Qxd8 23. Qh4 Qb6+ 24. Kh1 Qxb2 25. Bxe4 Nxe4 26. Qxe4 Qf6 27.
Rab1 Ba6 28. Rb3 h6 29. h4 Rd8 30. Rh3 Rd4 31. Qe8+ Kh7 32. Qe1 Bxc4 33. Rg1
Bd5 34. Rf1 Rg4 35. Rh2 h5 36. Kg1 Qd4+ 37. Rf2 Be5 38. Qe2 Bc4 39. Qxg4 Qa1+
0-1

[Event "Detroit (Pan Am/2)"]
[Site "?"]
[Date "1992.??.??"]
[Round "?"]
[White "Ryan, Bob"]
[Black "Cannon, Gregory"]
[Result "1/2-1/2"]
[WhiteElo "1605"]
[BlackElo "1605"]
[PlyCount "80"]
[EventDate "1992.??.??"]

1. Nf3 Nf6 2. g3 g6 3. Bg2 Bg7 4. Nc3 d5 5. b3 O-O 6. Bb2 c5 7. O-O Nc6 8. a3
Rb8 9. e3 b5 10. Ne2 Qc7 11. Re1 Rd8 12. b4 cxb4 13. Nfd4 Nxd4 14. exd4 bxa3
15. Rxa3 b4 16. Ra1 Rd6 17. c3 bxc3 18. Bxc3 e6 19. Ba5 Qd7 20. d3 Ra6 21. Qc2
Rb5 22. Bc7 Rc6 23. Qxc6 Qxc6 24. Rec1 Qb7 25. Nc3 Rb2 26. Na4 Rb4 27. Bd6 Rxd4
28. Nc5 Qc6 29. Nxe6 Qxc1+ 30. Rxc1 Bxe6 31. Rc3 Nh5 32. Ra3 Bf8 33. Be5 Bxa3
34. Bxd4 a5 35. Bf3 Bb4 36. Bd1 Bf5 37. g4 Bxd3 38. gxh5 Bb5 39. hxg6 hxg6 40.
Bb3 Bc4 1/2-1/2

[Event "Flint (Class A/5)"]
[Site "?"]
[Date "1992.??.??"]
[Round "?"]
[White "Rutkofske, Lonnie"]
[Black "Triplett, Thomas"]
[Result "1-0"]
[WhiteElo "1995"]
[BlackElo "1890"]
[PlyCount "105"]
[EventDate "1992.??.??"]

1. c4 Nf6 2. Nc3 e6 3. Nf3 b6 4. e4 d6 5. d3 Be7 6. Be2 Nbd7 7. Nd4 Bb7 8. O-O
c5 9. Nc2 e5 10. Ne3 O-O 11. Nf5 Bc8 12. Bg5 Nb8 13. Nxe7+ Qxe7 14. Nd5 Qd8 15.
Nxf6+ gxf6 16. Bh6 Re8 17. Bg4 Kh8 18. Bh5 Be6 19. f4 exf4 20. Bxf4 Rg8 21. Qf3
Nd7 22. Bg3 Ne5 23. Qxf6+ Qxf6 24. Rxf6 Kg7 25. Raf1 Rgf8 26. Be2 Rad8 27. Be1
Rg8 28. Bc3 Rde8 29. Bh5 Re7 30. b3 Kf8 31. Bxe5 dxe5 32. Rxe6 Rxe6 33. Bxf7
Rd6 34. Bxg8+ Kxg8 35. Rf3 Kg7 36. Kf2 a6 37. a3 a5 38. a4 Re6 39. g4 Rd6 40.
h4 h6 41. Ke3 Re6 42. Rf5 Re8 43. g5 hxg5 44. hxg5 Re6 45. Kf3 Kg6 46. Kg4 Kg7
47. Rf3 Re8 48. Rf6 Rd8 49. Kf5 Rxd3 50. Rxb6 Rg3 51. Rb7+ Kf8 52. Kxe5 Rxg5+
53. Kf6 1-0

[Event "Flint (Class A/1)"]
[Site "?"]
[Date "1992.??.??"]
[Round "?"]
[White "Rutkofske, Lonnie"]
[Black "Robbins, Fred"]
[Result "1-0"]
[WhiteElo "1995"]
[BlackElo "1875"]
[PlyCount "139"]
[EventDate "1992.??.??"]

1. c4 Nf6 2. Nc3 g6 3. g3 Bg7 4. Bg2 O-O 5. e4 d6 6. Nge2 Nbd7 7. O-O c6 8. Rb1
Nb6 9. b3 Bd7 10. d4 Ne8 11. c5 Nc8 12. Be3 Nc7 13. Qd2 Rb8 14. Rbd1 Bg4 15. f3
Bd7 16. f4 Bg4 17. h3 Bxe2 18. Nxe2 d5 19. e5 e6 20. g4 Ne7 21. Ng3 f5 22. Rf2
Qd7 23. Bf1 Kf7 24. Bd3 Rg8 25. a4 a6 26. Qe2 Rbf8 27. Kh2 Ke8 28. b4 Kf7 29.
Re1 Bh8 30. Rb1 Rb8 31. b5 axb5 32. axb5 Rgf8 33. b6 Ne8 34. gxf5 exf5 35. Ra1
Ng7 36. Qd1 Ra8 37. Rfa2 Rxa2+ 38. Rxa2 Rb8 39. Qa1 Ne6 40. Ra8 Qc8 41. Ra7 Bg7
42. Ne2 h6 43. Qg1 Ra8 44. Qa1 Rb8 45. h4 Qh8 46. Ng3 Nc8 47. Ra8 Ne7 48. Rxb8
Qxb8 49. h5 g5 50. Bxf5 Nxf5 51. Nxf5 gxf4 52. Nd6+ Kg8 53. Bf2 Qd8 54. Qe1 Qg5
55. Qd1 Qe7 56. Qg4 Nf8 57. Bh4 Qd7 58. Qxf4 Ne6 59. Qg4 Nxc5 60. Qxd7 Nxd7 61.
e6 Bxd4 62. exd7 Bxb6 63. Nxb7 d4 64. d8=Q+ Bxd8 65. Bxd8 Kf7 66. Kg3 Ke6 67.
Ba5 Kd5 68. Bd2 c5 69. Nxc5 Kxc5 70. Bxh6 1-0

[Event "Flint (Class A/3)"]
[Site "?"]
[Date "1992.??.??"]
[Round "?"]
[White "Rutkofske, Lonnie"]
[Black "Aldrich, Jeff"]
[Result "1-0"]
[WhiteElo "1995"]
[BlackElo "1895"]
[PlyCount "141"]
[EventDate "1992.??.??"]

1. c4 Nf6 2. Nc3 e6 3. g3 d5 4. cxd5 exd5 5. d4 Be6 6. Bf4 c5 7. Nf3 Nc6 8. Bg2
Be7 9. O-O O-O 10. Na4 b6 11. Rc1 Ne4 12. dxc5 bxc5 13. Nd2 Nxd2 14. Qxd2 c4
15. a3 Rc8 16. Rcd1 d4 17. Bxc6 Rxc6 18. Qxd4 Qa5 19. Nc3 Bf6 20. Qe4 Rcc8 21.
Nd5 Bxd5 22. Rxd5 Rc5 23. Rfd1 Rxd5 24. Rxd5 Qa4 25. Rd2 Re8 26. Qc2 Qxc2 27.
Rxc2 h6 28. Kf1 g5 29. Be3 a6 30. Ke1 Rb8 31. Bc1 Rc8 32. Bd2 Rb8 33. Bc1 Rc8
34. Kd1 Kg7 35. Bd2 Kg6 36. Bc3 Bxc3 37. Rxc3 f6 38. Kc2 Kh5 39. h3 g4 40. h4
Kg6 41. Re3 Rc5 42. Re4 Kf5 43. f3 h5 44. Kc3 gxf3 45. exf3 Re5 46. Rf4+ Kg6
47. Kxc4 Re2 48. b4 f5 49. g4 fxg4 50. fxg4 hxg4 51. Rxg4+ Kf5 52. Rg5+ Kf6 53.
Ra5 Re6 54. h5 Ke7 55. Rd5 Rc6+ 56. Kb3 Rh6 57. Ka4 Ke6 58. Rc5 Kd6 59. Rg5 Kc7
60. Ka5 Kb7 61. a4 Ka7 62. Rg7+ Kb8 63. Rg6 Rxh5+ 64. Kxa6 Rh4 65. Rb6+ Kc7 66.
a5 Rh1 67. b5 Rh8 68. Rb7+ Kc8 69. Rg7 Rh6+ 70. b6 Rf6 71. Ka7 1-0

[Event "Flint (Class C/2)"]
[Site "?"]
[Date "1992.??.??"]
[Round "?"]
[White "Rumsey, S."]
[Black "Landon, Jason"]
[Result "0-1"]
[WhiteElo "1605"]
[BlackElo "1605"]
[PlyCount "84"]
[EventDate "1992.??.??"]

1. e4 e5 2. Nf3 d6 3. Nc3 Nc6 4. Bb5 Bd7 5. d3 a6 6. Bc4 Be7 7. Be3 Nf6 8. Ng5
O-O 9. Qd2 Ng4 10. Nf3 Nxe3 11. Qxe3 Bg4 12. Nd5 b5 13. Nxe7+ Nxe7 14. Bb3 Ng6
15. h3 Nf4 16. Rg1 Bh5 17. O-O-O a5 18. a3 c5 19. g4 Bg6 20. h4 a4 21. Ba2 h5
22. gxh5 Bxh5 23. Rg5 g6 24. Rdg1 Kh7 25. Rxh5+ Nxh5 26. Ng5+ Kg7 27. Qf3 Qf6
28. Qg4 Qf4+ 29. Qxf4 Nxf4 30. Kd2 Rac8 31. c3 c4 32. dxc4 bxc4 33. Ke3 Rh8 34.
Nxf7 Rxh4 35. Nxd6 Rh3+ 36. Rg3 Rd8 37. Rxh3 Rxd6 38. Bxc4 Nxh3 39. Bb5 Nf4 40.
f3 Rb6 41. Bxa4 Rxb2 42. c4 Re2# 0-1

[Event "Flint (Class C/4)"]
[Site "?"]
[Date "1992.??.??"]
[Round "?"]
[White "Rumsey, S."]
[Black "Arnold, L."]
[Result "1-0"]
[WhiteElo "1605"]
[BlackElo "1605"]
[PlyCount "133"]
[EventDate "1992.??.??"]

1. e4 e5 2. Nf3 Nc6 3. Bb5 Nd4 4. Nxd4 exd4 5. Qf3 Qf6 6. Qxf6 Nxf6 7. d3 a5 8.
a4 c6 9. Bc4 d5 10. exd5 cxd5 11. Bb5+ Bd7 12. Bxd7+ Nxd7 13. Bf4 Ra6 14. Na3
Re6+ 15. Kd1 Bxa3 16. Rxa3 O-O 17. Re1 Rc6 18. Ra1 Nc5 19. b3 Ne6 20. Bg3 Rfc8
21. Rc1 f6 22. Re2 Kf7 23. f3 b6 24. Kd2 Nc5 25. Ree1 Ne6 26. Re2 Rc3 27. Ree1
R8c6 28. Bb8 h5 29. h4 Nc5 30. Bf4 Na6 31. Kd1 Nb4 32. Re2 R3c5 33. Rf2 Na2 34.
Ra1 Nc3+ 35. Kc1 Re6 36. Kd2 Rc8 37. Re1 Rxe1 38. Kxe1 Re8+ 39. Kd2 Nb1+ 40.
Kd1 Re6 41. Bd2 Kg6 42. Re2 Rxe2 43. Kxe2 Kf5 44. g3 Nxd2 45. Kxd2 g5 46. hxg5
fxg5 47. Ke2 h4 48. Kf2 Ke5 49. Kg2 hxg3 50. Kxg3 Kf5 51. Kg2 Kf4 52. Kf2 g4
53. fxg4 Kxg4 54. Ke2 Kg3 55. Kf1 Kf3 56. Ke1 Ke3 57. Kd1 Kf2 58. Kd2 Kf1 59.
c3 dxc3+ 60. Kxc3 Ke2 61. Kd4 Kd2 62. Kxd5 Kxd3 63. Kc6 Kc3 64. Kxb6 Kxb3 65.
Kxa5 Kc4 66. Kb6 Kd5 67. a5 1-0